Sports Quiz

Random Sports or Baseball Quiz
Score 0/30 Timer 03:00
3 Plays Today
Hint Teams % Correct
RD OXRED SOX
93.4%
DODGRDODGERS
93.4%
WHIT OXWHITE SOX
93.4%
TIGRTIGERS
93.2%
YNKYANKEES
93.1%
TWINTWINS
92.8%
ROCKIROCKIES
92.5%
RNGRRANGERS
92.4%
DIMONDCKDIAMONDBACKS
92.4%
INDININDIANS
92.4%
PHIIPHILLIES
91.9%
MRINRMARINERS
91.6%
PIRTPIRATES
91.3%
CRDINCARDINALS
91.3%
ORIOORIOLES
90.9%
Hint Teams % Correct
GINTGIANTS
90.7%
PDRPADRES
88.9%
U JYBLUE JAYS
88.7%
CUCUBS
84.6%
NTIONNATIONALS
83.7%
RDREDS
80.3%
ROYROYALS
79.8%
MRINMARLINS
78.5%
MTMETS
73.8%
THTICATHLETICS
73.5%
RYRAYS
72.8%
TROASTROS
66.3%
RVBRAVES
57.6%
RWRBREWERS
53.2%
NGANGELS
50.3%
Remove Ads.
Support Sporcle.
Get the best of Sporcle when you Go Orange. This ad-free experience offers more features, more stats, and more fun while also helping to support Sporcle. Thank you for becoming a member.

You're not logged in!

Compare scores with friends on all Sporcle quizzes.
OR
Log In

Show Comments

Extras

Top Quizzes Today


Score Distribution

Your Account Isn't Verified!

In order to create a playlist on Sporcle, you need to verify the email address you used during registration. Go to your Sporcle Settings to finish the process.

Report this User

Report this user for behavior that violates our Community Guidelines.

Details: